| 000 | 00838nam a2200241 i 4500 | ||
|---|---|---|---|
| 001 | 195761 | ||
| 003 | ES-MaACL | ||
| 005 | 20250825062653.0 | ||
| 008 | 240713b sp ||||| |||| 00| 0 spa d | ||
| 040 | _cES-MaACL | ||
| 100 |
_aPolgrossi, Loretta _9237450 _eaut |
||
| 245 |
_aPoética de la materia / _cLoretta Polgrossi. |
||
| 260 |
_aBarcelona: _bSYL. |
||
| 300 |
_a59 pág. : _c30 cm. |
||
| 650 | 7 |
_aEscultura _2embne _912417 |
|
| 655 | 7 |
_2tgfbne _aLibros ilustrados _9193653 |
|
| 852 |
_aES-MaACL _bR.151834 _cDEPOJ _jN-8770 _hDonación: Loretta Polgrossi _xEncuadernación rústica _9204619 |
||
| 903 |
_9237450 _aPolgrossi, Loretta _ednr |
||
| 942 |
_n0 _cMONOGRAFIA |
||
| 999 |
_c195761 _d195761 |
||